| 000 | 00558nam a2200205Ia 4500 | ||
|---|---|---|---|
| 003 | GCL | ||
| 008 | 140319s9999 xx 000 0 ara d | ||
| 040 |
_aGCL / _cGCL |
||
| 082 | 0 | 4 |
_a372.41 _bم ق |
| 100 | 1 | _aمحمد رجب فضل الله | |
| 245 | 1 | 0 |
_aالقراءة الحرة للاطفال / _cمحمد رجب فضل الله |
| 300 | _a113 ص | ||
| 490 |
_aكتاب _v0 |
||
| 650 | 0 | 4 | _aالاطفال |
| 650 | 0 | 4 | _aالتعلم |
| 650 | 0 | 4 | _aالقراءة |
| 650 | 0 | 4 | _aتعلم الاطفال |
| 650 | 0 | 4 | _aمكتبات |
| 942 |
_2ddc _cBK |
||
| 999 |
_c41547 _d41547 |
||